Normal view
MARC view
Entry Personal Name
001 - CONTROL NUMBER
- control field: 36126
003 - CONTROL NUMBER IDENTIFIER
- control field: ARRUPE
005 - DATE AND TIME OF LATEST TRANSACTION
- control field: 20170922111537.0
008 - FIXED-LENGTH DATA ELEMENTS
- fixed length control field: 170922|| aca||aabn | a|a d
040 ## - CATALOGING SOURCE
- Original cataloging agency: ARRUPE
- Transcribing agency: ARRUPE
100 ## - HEADING--PERSONAL NAME
- Personal name: Bigongiari, Dino
670 ## - SOURCE DATA FOUND
- Source citation: Work cat.: (ARRUPE)54208: Bigongiari, Dino, The Political Ideas of ST. Thomas Aquinas, 1953